Peter Pan (Registo nº 2157)
[ vista simples ]
| 000 -Etiqueta do registo | |
|---|---|
| Cabeçalho | 00828nam a22003011 4500 |
| 005 - Identificador da versão | |
| Campo de controlo | 20240813121926.0 |
| 095 ## - | |
| -- | PTBN00734034 |
| 010 ## - Número internacional normalizado dos livros (ISBN) | |
| Número (ISBN) | 9722007289 |
| 021 ## - Número do Depósito Legal | |
| Código do país | PT |
| Número | 89882/95 |
| 100 ## - Dados gerais de processamento | |
| Dados gerais de processamento | 19980716d1995 d y0pory5003 ba |
| 102 ## - Pais de publicação ou produção | |
| País de publicação | Portugal |
| 101 1# - Língua de publicação | |
| Língua do texto, banda sonora, etc. | Português |
| Língua do documento no original | Inglês |
| 106 ## - Campo de dados codificados: material textual | |
| Dados codificados do material textual | r |
| 105 ## - Campo de dados codificados: livros | |
| Dados codificados dos livros | y z 000ay |
| 215 ## - Descrição física | |
| Indicação específica da natureza do documento e extensão da espécie | 205, [1] p. |
| Dimensões | 21 cm |
| 200 1# - Titulo e menção de responsabilidade | |
| Título próprio | Peter Pan |
| Primeira menção de responsabilidade | J. M. Barrie |
| Outras menções de responsabilidade | trad. Lucília Filipe |
| 225 2# - Colecção | |
| Título próprio da colecção | Biblioteca juvenil Dom Quixote |
| Indicação de volume | 6 |
| 205 ## - Menção da edição | |
| Menção da edição | 2ª ed |
| 210 ## - Publicação, Distribuição, etc. | |
| Lugar da edição, distribuição, etc. | Lisboa |
| Nome do editor, distribuidor, etc. | Dom Quixote |
| Data da publicação, distribuição, etc. | 1995 |
| 606 ## - Nome comum usado como assunto | |
| Número de registo de entrada de autoridade | 0000006 |
| Palavra de ordem | Literatura estrangeira infantil |
| 675 ## - Classificação Decimal Universal (CDU) | |
| Notação | 82-311.3 |
| Edição | 2ª |
| Língua da edição | por |
| 702 #1 - Nome de autor-pessoa física (responsabilidade secundária) | |
| Número de registo de entrada de autoridade | 0000636 |
| Palavra de ordem | Filipe |
| Outra parte do nome não tomada para palavra de ordem | Lucília |
| Código de função | Tradutor |
| 700 #1 - Nome de autor-pessoa física (responsabilidade principal) | |
| Número de registo de entrada de autoridade | 0000944 |
| Palavra de ordem | Barrie |
| Outra parte do nome não tomada para palavra de ordem | James Matthew |
| Datas | 1860-1937 |
| 942 ## - Elementos de entrada adicionados (Koha) | |
| Tipo de item no Koha | Livro |
| Situação do levantamento | Origin of item (home branch) (coded) | Biblioteca de empréstimo | Código de barras | Cota | Circulation type (not for loan) | Tipo de documento | Nota do exemplar | Damaged status |
|---|---|---|---|---|---|---|---|---|
| Biblioteca Escolar da Coca Maravilhas | Biblioteca Escolar da Coca Maravilhas | BECM3797/98 | 8EST BAR | Livro | Sem mensagem |
